000 01036nam a22002537a 4500
008 081201t xxu||||| |||| 00| 0 eng d
010 _aENG-91914
020 _a978818901269X
_c400.00
020 _a8189012694
_c400.00
035 _aEN-75447
037 _bDBAD / PUB
040 _adpl
_bEnglish
082 _a658.45
100 _aKhokhar, Yograj
245 _aBusiness communication :
_cby Yograj Khokhar
_b(strictly on the basis of prescribed syllabus with moder trends) /
260 _aDelhi
_bGnosis
_c2008
270 _aE-35/103, Jawahar Park, Laxmi Nagar,
_bDelhi
_e110092
300 _ax, 179p.
_c23cm (Hb)
500 _aIncludes bibliographical references and index
650 _aBusiness communication.
942 _2ddc
_cEN
_mKHO
_h658.45
999 _c19330
_d19330